000 00608nam a2200193 4500
001 120402
003 ES-MaACL
005 20250817115635.0
007 t|
008 070214s1967 sp r ||||1| spa d
100 1 _aPischel, Gina.
_992372
245 1 0 _aHistoria Universal del Arte /
_cGina Pischel ; [traducción: Francisco José Alcántara].
250 _a1ª ed.
260 _aBarcelona :
_bNoguer,
_c1967.
300 _a3 v., 30 lám. :
_bil. ;
_c29 cm.
700 1 _aAlcántara, Francisco José,
_d1922-1999
_919493
852 _aES-MaACL
_jC-33701-3
_bR.64676
999 _c120402
_d120402